Языки искусств немецкой культуры XX века, 2000/2003 (Запись № 805350)

Подробности
000 -МАРКЕР
контрольное поле 02624nam0a2200421 4500
001 - ИДЕНТИФИКАТОР ЗАПИСИ
контрольное поле RU\NLR\bibl\748350
005 - ИДЕНТИФИКАТОР ВЕРСИИ
контрольное поле 20260407111939.0
010 ## - МЕЖДУНАРОДНЫЙ СТАНДАРТНЫЙ НОМЕР КНИГИ (ISBN)
Номер (ISBN) 5-86465-101-X
Тираж 100
021 ## - НОМЕР ГОСУДАРСТВЕННОЙ РЕГИСТРАЦИИ
Код страны российская федерация
Номер 2004-69794
Номер Листа государственной регистраци 3438
035 ## - ДРУГИЕ СИСТЕМНЫЕ НОМЕРА
Идентификатор записи RSL-KNO-002498661
035 ## - ДРУГИЕ СИСТЕМНЫЕ НОМЕРА
Идентификатор записи (NLR Aleph) 000738159
100 ## - ДАННЫЕ ОБЩЕЙ ОБРАБОТКИ
Данные общей обработки 20041110d2004 |||y0rusy50 ca
101 0# - ЯЗЫК РЕСУРСА
Язык текста, звукозаписи и т.д. русский
-- немецкий
102 ## - СТРАНА ПУБЛИКАЦИИ ИЛИ ПРОИЗВОДСТВА
Страна публикации российская федерация
105 ## - ПОЛЕ КОДИРОВАННЫХ ДАННЫХ: ТЕКСТОВЫЕ МАТЕРИАЛЫ, МОНОГРАФИЧЕСКИЕ
Кодированные данные о монографическом текстовом документе y |||||||||
106 ## - ПОЛЕ КОДИРОВАННЫХ ДАННЫХ: ТЕКСТОВЫЕ РЕСУРСЫ – ФОРМА
Форма ресурса: кодированные данные: обозначение носителя r
200 1# - ЗАГЛАВИЕ И СВЕДЕНИЯ ОБ ОТВЕТСТВЕННОСТИ
Основное заглавие Языки искусств немецкой культуры XX века, 2000/2003
Параллельное заглавие Sprachen der Kunst in der deutschen Kultur des 20. Jahrhunderts 2002/2003
Сведения, относящиеся к заглавию материалы науч. семинара
Первые сведения об ответственности науч. ред. Н. Т. Рымарь
Язык параллельного заглавия немецкий
210 ## - ПУБЛИКАЦИЯ, РАСПРОСТРАНЕНИЕ И ДР.
Место издания, распространения и т.д. Самара
Имя издателя, распространителя и т. д. Изд-во Сам. гуманит. акад.
Дата издания, распространения и т.д. 2004
Имя изготовителя Тип. ООО "Артель"
215 ## - ФИЗИЧЕСКАЯ ХАРАКТЕРИСТИКА
Специфическое обозначение материала и объем 161 с.
Размеры 20
300 ## - ОБЩИЕ ПРИМЕЧАНИЯ
Текст примечания Текст рус., нем.
300 ## - ОБЩИЕ ПРИМЕЧАНИЯ
Текст примечания В надзаг.: Рур. ун-т Бохум, Ин-т германистики, Сам. гуманитар. акад., Ин-т культуры стран нем. яз.
320 ## - ПРИМЕЧАНИЯ О НАЛИЧИИ В ДОКУМЕНТЕ БИБЛИОГРАФИИ / УКАЗАТЕЛЯ
Текст примечания Библиогр. в конце ст.
510 1# - ПАРАЛЛЕЛЬНОЕ ЗАГЛАВИЕ
Параллельное заглавие Sprachen der Kunst in der deutschen Kultur des 20. Jahrhunderts 2002/2003
Язык заглавия немецкий
606 1# - НАИМЕНОВАНИЕ ТЕМЫ КАК ПРЕДМЕТ
Наименование темы Немецкая литература
Формальный подзаголовок Сборники
Хронологический подзаголовок 20 в.
Системный номер авторитетной/нормативной записи 980325
Идентификатор авторитетной/нормативной записи RU\NLR\auth\6650390
606 1# - НАИМЕНОВАНИЕ ТЕМЫ КАК ПРЕДМЕТ
Наименование темы Литература на немецком языке
Формальный подзаголовок Сборники
Системный номер авторитетной/нормативной записи 1213182
Идентификатор авторитетной/нормативной записи RU\NLR\auth\66492741
610 0# - НЕКОНТРОЛИРУЕМЫЕ ПРЕДМЕТНЫЕ ТЕРМИНЫ
Предметный термин Филологические науки. Художественная литература -- Мировая литература -- Литературы, объединённые по языковому признаку -- Германская литература -- Литература на немецком языке -- История литературы. Идейно-художественные особенности литературы -- Язык и стиль литературы. Стихосложение -- Язык и стиль литературы
686 ## - ИНДЕКСЫ ДРУГИХ КЛАССИФИКАЦИЙ
Индекс Ш5(0)943.24-357я43
Код системы
686 ## - ИНДЕКСЫ ДРУГИХ КЛАССИФИКАЦИЙ
Индекс Ш5(0)943.24я431
686 ## - ИНДЕКСЫ ДРУГИХ КЛАССИФИКАЦИЙ
Индекс Ш5(4Г)6я431
702 #1 - ИМЯ ЛИЦА - ВТОРИЧНАЯ ОТВЕТСТВЕННОСТЬ
Код отношения Редактор
Материалы, к которым относится поле rus
Графика поля Кириллица
Начальный элемент ввода Рымарь
Часть имени, кроме начального элемента ввода Н. Т.
Даты 1945-
Расширение инициалов личного имени Николай Тимофеевич
Идентификатор авторитетной/нормативной записи RU\NLR\auth\77256
Системный номер авторитетной/нормативной записи 110314
711 12 - НАИМЕНОВАНИЕ ОРГАНИЗАЦИИ - АЛЬТЕРНАТИВНАЯ ОТВЕТСТВЕННОСТЬ
Код отношения Автор
Начальный элемент ввода "Художественные языки немецкой культуры XX в.", научный семинар
Дата проведения временной организации 2002-2003
Место проведения временной организации Самара
Идентификатор авторитетной/нормативной записи RU\NLR\AUTH\8810063960
Системный номер авторитетной/нормативной записи 629505
801 #0 - ИСТОЧНИК ЗАПИСИ
Страна российская федерация
Организация RuMoRKP
Дата составления 20041110
Правила каталогизации rcr
801 #1 - ИСТОЧНИК ЗАПИСИ
Страна российская федерация
Организация RuMoRGB
Дата составления 20041110
801 #2 - ИСТОЧНИК ЗАПИСИ
Страна российская федерация
Организация NLR
Дата составления 20050413
Правила каталогизации PSBO
942 ## - ДОПОЛНИТЕЛЬНЫЕ ЭЛЕМЕНТЫ ЗАПИСИ (АБИС)
Тип экземпляра АБИС Книга
980 ## - КОЛЛЕКЦИЯ
Название коллекции Национальная библиография
Экземпляры
Тип экземпляра Дата поступления Источник поступления Библиотека постоянного хранения Библиотека текущего хранения Место хранения Шифр хранения Штрих-код Статус не для выдачи
Книга 13.04.2005 Обязательный экземпляр РНБ (Московский) РНБ (Московский) Русский книжный фонд: издания с 1957 года, 3этаж 2005-3/9194 1-4253627  
Книга 13.04.2005 Обязательный экземпляр РНБ (Московский) РНБ (Московский) Русский книжный фонд: издания с 1957 года, 3этаж 2005-3/9194 895627